[Event "Samba Cup 1st"]
[Site "Skanderborg"]
[Date "2003.10.18"]
[Round "8"]
[White "Short, Nigel D"]
[Black "Nielsen, Peter Heine"]
[Result "1/2-1/2"]
[WhiteElo "2701"]
[BlackElo "2626"]
[Annotator "Lukacs,P"]
[PlyCount "62"]
[EventDate "2003.10.10"]
[EventType "tourn"]
[EventRounds "9"]
[EventCountry "DEN"]
[EventCategory "16"]
[SourceTitle "CBM 098"]
[Source "ChessBase"]
[SourceDate "2004.02.03"]
[SourceVersion "1"]
[SourceVersionDate "2004.02.03"]
[SourceQuality "1"]

1. e4 {McShane} e5 2. Nf3 Nc6 3. Bc4 Bc5 4. b4 {McShane: 'The Evans Gambit
occurred frequently in the romantic attacking games of the 19th century.
Kasparov's experimentation with this pawn thrust has brought the opening back
under the microscope.'} Bxb4 5. c3 Ba5 6. d4 exd4 7. Qb3 {is not recommended
by the theoreticians these days. McShane: 'The open lines allow White to
develop very smoothly, creating threats against Black's temporarily
discoordinated army. Infact though, 7.0-0 is more common.'} (7. O-O $142 {
is the main line.}) 7... Qe7 {This reply was already heavily used in the
XIX-th century!} (7... Qf6 $142 {looks critical these days.} 8. O-O b5 $142 $5
{Black gives back a P, but gets some tempi for it.} (8... Bb6 9. e5 Qg6 {
- Short-Piket, Zuerich 2001 CBM 83}) (8... d3 $5 {- Conquest-Narciso Dublan,
Pamplona 2001 CBM 87}) 9. Bd5 (9. Bxb5 Rb8 10. Qa4 Nge7 11. e5 Nxe5 $1 {
This is the beginning of Black's counterattack, for example:} (11... Qg6 12.
Ba3 $1 (12. cxd4 Bb7) 12... Bb7 (12... Bxc3 $5 13. Nxc3 dxc3 $13) 13. Bxe7 a6 (
13... Nxe5 $5 14. Nh4 $1 Nf3+ 15. Nxf3 Bxf3 {(Steel-Blackburne, London 1881)}
16. g3 $1 Kxe7 17. Qxa5 $16) 14. Bxc6 Bxc6 15. Qxa5 Bxf3 16. g3 Kxe7 17. cxd4
$13) 12. Qxa5 (12. Nxd4 Bb6 $19) 12... Nxf3+ 13. gxf3 Qg6+ 14. Kh1 Qf5 $19)
9... h6 $1 {10...Nge7 will come with a tempo.} 10. cxd4 (10. e5 Qg6 11. Nxd4
Nge7) 10... Nge7 11. e5 (11. Qxb5 Rb8 12. Qd3 Nxd5 13. exd5 Ne7 $17) 11... Qf5
12. Nbd2 Nxd5 13. Qxd5 O-O 14. Ba3 b4 $1 15. Bb2 Bb6 16. Qb3 (16. Nc4 Bb7 $17)
(16. Qe4 Qxe4 17. Nxe4 Bb7 $17) 16... a5 $17 {Breyer-Schlechter, Baden-Baden
1914}) 8. O-O {This is the most natural continuation.} (8. Ba3 $6 d6 (8...
Qxe4+ 9. Kd1 Kd8 10. Bd5 (10. Bxf7 Nh6) (10. Re1 Qf5 11. Bxf7 Nh6) 10... Qd3+
11. Kc1 Nh6 12. Rd1 (12. cxd4 Qxb3 13. axb3 Re8) 12... Qf5) 9. O-O Bb6 {
- 8.0-0 Bb6}) (8. Bg5 Nf6 $5 (8... Qxe4+ $5 9. Kd1 Kf8 10. Bxf7 (10. Re1 Qf5)
10... dxc3 11. Nxc3 Bxc3 12. Bxg8 Qd3+ 13. Bd2 Rxg8 14. Re1 (14. Qxc3 Qxc3 15.
Bxc3 d6) 14... d5 15. Rb1 Bg4 16. Kc1 Bxd2+ 17. Nxd2 Qxb3 18. Rxb3 b6 19. h3
Bh5 20. g4 Bg6 21. Rc3 Re8 $19 {Edwards-Krystosek, corr 1986}) 9. O-O Bb6 {
- 8.0-0 Bb6 9.Bg5 Nf6} (9... O-O 10. cxd4 Qxe4 11. Bxf6 gxf6 12. Nc3)) 8... Bb6
9. cxd4 (9. Ba3 $6 d6 $1 10. cxd4 (10. Bb5 $6 {White has no time for that.} Bd7
(10... Nf6 11. cxd4 (11. Nxd4 Bd7) 11... O-O 12. Bxc6 (12. e5 $2 Nxd4 $1 13.
exf6 (13. Nxd4 Bxd4 14. exf6 Qxf6 $19) 13... Qxf6 14. Bb2 Nxb3 $19) 12... bxc6
13. e5 Nd5 $15 {and Black's ^^ has a bright future not mentioning his extra P.}
) 11. cxd4 (11. e5 Nxe5 12. Bxd7+ (12. Nxe5 Qxe5 13. Bxd7+ Kxd7 14. Qxf7+ Ne7)
12... Qxd7 13. cxd4 Nxf3+ 14. Qxf3 Ne7 15. Qxb7 O-O $19) (11. Re1 Na5 12. Qb2 (
12. Bxd7+ Qxd7 13. Qc2 Nc6 14. Bb2 Ne5 (14... dxc3 15. Nxc3 (15. Qxc3 Nf6)
15... Nge7 $17) 15. Nxd4 Nf6 $17) 12... Bxb5 13. Qxb5+ Qd7 $17) 11... Nxd4 12.
Bxd7+ Qxd7 13. Nxd4 Bxd4 14. Qxb7 Rd8 15. Bb2 Bxb2 16. Qxb2 Nf6 17. e5 dxe5 18.
Qxe5+ Qe7 19. Qb5+ Nd7 $1 (19... Rd7 20. Qb8+ Rd8 21. Qxa7 (21. Qb5+ Rd7 $11)
21... O-O $13) 20. Nc3 O-O $15 {and Black still keeps his extra P.}) (10. e5 $6
{The breakthrough in the [+] is parried by} Na5 $1 11. Qa4+ Bd7 12. Bb5 Bxb5
13. Qxb5+ Qd7 14. Qxd7+ Kxd7 15. cxd4 Nc4 16. exd6 cxd6 $17 {and the _|_ is
not rosy for White.}) 10... Nxd4 11. Nxd4 Bxd4 {- 9.cxd4}) (9. Bg5 Nf6 $1 10.
e5 (10. Bd5 h6 11. Bxf6 Qxf6 12. e5 Qg6 13. Nbd2 dxc3 14. Qxc3 (14. Ne4 O-O 15.
Qxc3 Ne7) 14... O-O $19) 10... Nxe5 11. Nxe5 Qxe5 12. Bxf7+ Kf8 13. Bh4 (13.
Bxf6 Qxf6 14. Bh5 d6 $17) 13... Ne4 14. Re1 Qf4 15. Bh5 (15. Bd5 Qxh4 16. Rxe4
Qf6 $17) 15... g6 16. Bf3 Qxh4 (16... Nc5 17. Be7+ Kg7 18. Bxc5 Bxc5 19. Qc4 d6
20. Re7+ Kh6 $17) 17. Rxe4 Qf6 $17 {and the black K is more or less safe. In
this gambit White has problems with the development of his <<, see the N on b1!
}) 9... Nxd4 10. Nxd4 Bxd4 11. Nc3 (11. Ba3 d6 12. Nc3 (12. Bb2 {is useless
because of} Bxb2 13. Qxb2 Nf6) 12... Nf6 13. Rad1 (13. Bxf7+ $6 {loses the |^
and Black still holds his extra P.} Qxf7 14. Qa4+ Bd7 15. Qxd4 O-O 16. f4 (16.
e5 dxe5 17. Qxe5 Rfe8 18. Qxc7 Rac8 19. Qa5 b6) 16... Bc6 $1 17. e5 {is again
met by the typical counterattack} (17. Rf3 Rae8 18. Re1 a5 19. Bc1 b5 20. a3
Qc4 21. Qxc4+ bxc4 22. Rfe3 Nd7 $17 {Lobigas-Balinas, Manila 1968}) (17. Rae1
Rfe8 18. Re3 (18. e5 Qg6 19. g3 Ng4) 18... Rad8 19. Bb2 Qh5 20. f5 a6 21. Rf4
Re5 22. Rh3 Qf7 23. g4 (23. Rfh4 Rde8 24. Qd3 Bxe4 $19 {Harding-Oren, corr
1988-89}) 23... Rde8 24. Re3 d5 $17) (17. Rab1 Qg6 $17 {with nasty threats on
the long /^ attacking >< e4.} (17... Rfe8 18. e5 Qg6 19. Rb2 dxe5 20. fxe5 Ng4
(20... Rad8 21. Qc4+ Nd5) 21. Nd5 Bxd5 22. Qxd5+ Kh8 23. Qxb7 Qh6) (17... Rfd8
18. Bb2 Rd7 19. Rbe1 a6 20. Qf2 Qg6 21. e5 {Albano-Bonnick corr 1987} dxe5 22.
fxe5 Ng4 $17)) 17... Qg6 (17... dxe5 18. fxe5 Qg6 19. Qf2 Nd7 20. Bxf8 Rxf8 21.
Qg3 Qxg3 22. hxg3 Nxe5 $15) 18. Qd2 (18. Qf2 Nh5) 18... Ne4 19. Nxe4 Bxe4 20.
Rad1 Rad8 $17 {Despite of the ^- Black has good chancing because of his
attacking B on the long /^.}) 13... Bxc3 14. Qxc3 Qe5 $1 {This is the easy way
to equalization for Black.} (14... O-O 15. Rfe1 Ng4 16. Qg3 Ne5 17. Bd5 Qf6 18.
f4 Ng6 19. Rf1 (19. e5 Qxf4) 19... Re8 20. Rd2 (20. Bb4 Qh4 21. Qb3 Be6) 20...
Ne7 (20... Qh4 $6 21. Qb3 Qe7 22. e5) 21. Bb3 (21. e5 dxe5 22. fxe5 Qb6+) (21.
Bb2 Qg6 22. Qc3 Nxd5 23. Rxd5 Qf6 24. Qxf6 gxf6 25. Rc1 c6 26. Rxd6 Rxe4 $17)
21... Qg6 22. Qd3 Nc6 23. Re2 Bg4 24. Re3 Rad8 $15) 15. Qc1 (15. Qxe5+ dxe5 {
Now White has to fight for a draw in the _|_.} 16. Bb2 (16. f4 Be6 17. Bxe6
fxe6 18. fxe5 Nd7 19. Rc1 (19. Rd2 O-O-O 20. Be7 Rde8 21. Rf7 Nxe5 22. Rxg7
Rhg8) 19... Rc8 20. Bd6 Kd8 21. Ba3 Ke8 22. Bd6 Kd8 23. Ba3 Ke8 24. Bd6 {
with a funny repetition of moves, 1/2-1/2 Kovalevskaya-Stefanova, Antalya 2002.
}) 16... Be6 (16... Nd7 17. f4 exf4 18. Bxg7 (18. Rxf4 f6) 18... Rg8 19. Bd4
Nb6) 17. Bxe6 fxe6 18. Bxe5 c5 $15 (18... O-O 19. f3 (19. Bxc7 Nxe4 $15) 19...
Rac8)) (15. Qb3 O-O $15) 15... O-O 16. Bb2 Qe7 17. e5 Ne8 (17... dxe5 18. Ba3
Qe8 19. Bb3 (19. Bxf8 Qxf8 20. Rfe1 e4 21. Qe3 c6 {and Black has three pawns
for the exchange.}) 19... c6 $15) 18. Rfe1 Be6 19. exd6 cxd6 $5 {Black has
enough material to give back.} (19... Nxd6 20. Qc3 Qf6 21. Qc1 Qe7 22. Qc3 Qf6
{1/2:1/2 Plachetka-Rolletschek, Austria Staatsliga 1994/95})) 11... Nf6 12. Nb5
$1 {This is Short's important novelty! McShane: 'Of course, if Black is ever
given time to castle he will just be a healthy couple of pawns to the good.'} (
12. Rd1 Bxc3 13. Qxc3 O-O (13... d6 $2 14. e5 dxe5 15. Ba3 c5 16. Bxc5 $18) 14.
e5 (14. Ba3 d6 $17) (14. f3 d6 15. Bb2 Be6 $17) 14... Ne4 15. Qd4 Nc5 16. Ba3
b6 $15) (12. Ba3 d6 {- 11.Ba3}) 12... d5 {'!' McShane.} (12... Be5 13. Ba3 $1 {
gives White good attacking chances.} (13. f4 {is too romantic:} Bxa1 14. Nxc7+
Kf8 15. Nxa8 (15. Ba3 Bd4+ 16. Kh1 d6 17. e5 Qxc7 18. Bxd6+ Qxd6 19. exd6 Bc5
20. Bxf7 Bxd6 21. Rd1 Be7 $19) 15... Bd4+ 16. Be3 (16. Kh1 Nxe4 17. Nc7 Nf2+)
16... Qc5 17. Bxd4 Qxd4+ 18. Kh1 Nxe4 19. Qc2 d6 20. Nc7 Bf5 $17) 13... c5 (
13... d6 14. Rac1 c6 15. f4 $36 a6 16. fxe5 axb5 17. Bxd6 bxc4 18. Qb4 c5 19.
Qxc4 Be6 20. Qd3 $36) 14. Rac1 Nxe4 (14... a6 15. Bxc5 d6 16. Bxd6 $1 Bxd6 17.
Nxd6+ Qxd6 18. e5 $18 {opening the lines against the K in the middle.}) 15.
Rce1 $1 (15. Rfe1 f5 16. f3 Bxh2+ 17. Kxh2 Qh4+ $11) 15... f5 (15... d5 16.
Bxd5 Nd2 17. Bxf7+ $18) (15... O-O 16. Rxe4 Bxh2+ 17. Kxh2 Qxe4 18. Nd6 $36)
16. f3 Nd2 17. Bf7+ Kf8 18. Qd5 d6 19. Nxd6 $40) ({The feeble} 12... Bb6 $2 {
McShane} 13. Ba3 d6 14. e5 $1 {is disastrous for Black.}) 13. exd5 $1 {Now
things are pretty forced for a while.} (13. Nxd4 dxc4 14. Qxc4 Nxe4 15. Ba3
Qxa3 16. Nb5 Be6 17. Qxe4 Qe7 18. Qxb7 O-O $11) 13... Bxa1 14. Ba3 Qe5 {
McShane: 'The a3 bishop prevents castling, and the deceased a1 rook has bought
some more time to attack.'} 15. f4 Bd4+ 16. Kh1 Qe3 17. Nxd4 {McShane:
'Excellent! White's initiative is enduring even without queens. Instead'} (17.
Nxc7+ Kd8 18. Nxa8 {McShane} Qxb3 19. Bxb3 {leaves the knight stranded and
Black with all the chances.}) 17... Qxb3 (17... Qxd4 $2 18. Qb4 $18) 18. Re1+
$1 {This is an important zwischenzug, after which White still has good
attacking chances against the K in the middle even without queens.} Kd8 (18...
Kd7 $2 {loses to} 19. Bxb3 Re8 20. Ba4+ c6 21. dxc6+ Kc7 22. Rc1 $1 $18) 19.
Be7+ Kd7 20. Nxb3 {McShane: 'With a decisive threat of Nb3-c5+. Since 20...b6
21.Bb5+ also wins, Black's reply is forced.'} (20. Bxb3 c6 21. d6 Nd5 22. Bxd5
cxd5 23. Rc1 b6 {parrying all the threats.}) 20... c6 21. d6 $1 (21. Nc5+ Kc7
22. d6+ Kb6 {allows the black K to escape from the trap.} 23. Re5 Nd5 24. Bxd5
cxd5 25. d7 Bxd7 26. Nxd7+ Kc6 27. Nc5 Rhe8 $15) 21... b6 22. Bxf7 {White's ^^
is a mighty force!} c5 $2 {Now Black is in a real trouble.} (22... Nd5 $5 {
was required, although after} 23. Nd4 (23. Be6+ Ke8) 23... Nxf4 24. Nf3 Ba6 25.
Ne5+ Kc8 26. Nxc6 $44 {White has a real compensation. The ^^ kill the rooks!})
23. Nd2 Kc6 24. Nc4 Bf5 (24... b5 25. Ne5+ Kb6 26. Rd1) 25. Ne5+ Kb7 (25... Kb5
26. Re3 $1 $18) 26. a4 $2 {McShane: 'This is not a sign that White has run out
of ideas - in fact it sets up the pretty finale which follows.'} ({missing the
unbelievable} 26. Re3 $3 $18 {/\ Rg3xg7 and Black is helpless against White's
threats. However humans are looking for mate in a position like that!}) 26...
h5 {McShane: 'Neither side is forced to accept the repetition which follows,
but attempts to improve are fraught with danger.'} (26... Rac8 {McShane} 27.
Bc4 {intending Bc4-b5 and d6-d6, provides good compensation since Black's
extra exchange is hard to use.}) 27. Bxf6 (27. Re3 {is already late in view of}
h4 $1) 27... gxf6 28. Bd5+ Ka6 {McShane: 'Taking on a8 is also unwise, as
Black can easily deal with the weak d-pawn now.'} 29. Bc4+ Kb7 (29... b5 $2 {
(McShane) is far too risky, e.g.} 30. Bxb5+ Ka5 31. Nc6+ Kb6 32. Ne7 {with
numerous threats.}) (29... Ka5 $4 {(McShane) reveals the point behind 26.a4!}
30. Nc6+ Kxa4 31. Ra1# {is mate!}) 30. Bd5+ {and White has to be satisfied
with the perpetual check. It was a phantastic game indeed!} Ka6 31. Bc4+ Kb7
1/2-1/2